000 00807nam a2200241Ia 4500
003 OSt
005 20220916110915.0
006 a|||||r|||| 00| 0
007 ta
008 220915b |||||||| |||| 00| 0 hin d
024 _a215586
037 _cTextbook
040 _bhin
_aARTS
_cARTS
041 _ahin
082 _aO152:g, K5
100 _aराय, उपेन्द्रनाथ
245 0 _aनई समीक्षा: पुराना साहित्य: आलोचनात्मक निंबध
246 _aNaī samīkṣhā: purānā sāhitya: ālochanātmak nianbadha
260 _c1965
650 _aहिन्दी साहित्य
942 _hO152:g, K5
_cTB
_2CC
999 _c100986
_d100986